000 00576nam a22001937a 4500
003 OSt
005 20140310182330.0
008 130924t xxu||||| |||| 00| 0 eng d
050 _aQE 521
_b.K41 2000
082 _aGS 551.2
_bK46 2000
100 _aKerrod, Robin
_921384
245 _aAll about volcanoes :
_bamazing explosions, earthquakes and eruptions /
_cRobin Kerrod.
260 _aNew York :
_bSouthwater,
_c2000.
300 _a64 p. :
_bcol. ill. ;
_c22 cm.
650 _aVolcanoes.
_921016
650 _aEruption.
_921385
942 _2lcc
_cBK-GS
999 _c11966
_d11966